00457nam a2200145Ia 4500008004100000082001200041082000800053245010600061245000800167260000800175300000900183942000800192999001900200952009200219231017s9999 xx 000 0 und d a624.183 bBSI 0aCode of Practice for the use of Masonry: Part 2: Structural use of Reinforced and Prestressed Masonry 0cBSI bBSI c30cm cREP c603874d603874 00104070aNITbNITd2023-10-17l0o624.183 BSIpNIT-2903r2023-10-17w2023-10-17yREP